Advanced Network Monitoring and Intrusion Detection System (IDS) / (Record no. 615324)
[ view plain ]
| 000 -LEADER | |
|---|---|
| fixed length control field | 00734nam a2200169 4500 |
| 040 ## - CATALOGING SOURCE | |
| Transcribing agency | NUST |
| 082 ## - DEWEY DECIMAL CLASSIFICATION NUMBER | |
| Classification number | 621.382,NAW |
| 100 ## - MAIN ENTRY--PERSONAL NAME | |
| Personal name | Nawaz, Muhammad Daial (BEE-58/ TCC-33) |
| 9 (RLIN) | 131737 |
| 245 ## - TITLE STATEMENT | |
| Title | Advanced Network Monitoring and Intrusion Detection System (IDS) / |
| Statement of responsibility, etc. | Muhammad Danial Nawaz, Muhammad Nadeem and Muhammad Muzamil (BEE-58 / TCC-330 |
| 260 ## - PUBLICATION, DISTRIBUTION, ETC. | |
| Place of publication, distribution, etc. | Rawalpindi |
| Name of publisher, distributor, etc. | MCS (NUST) |
| Date of publication, distribution, etc. | 2025 |
| 300 ## - PHYSICAL DESCRIPTION | |
| Extent | 72 p.; |
| 505 ## - FORMATTED CONTENTS NOTE | |
| Formatted contents note | Introduction (Page-12), Literature Review (Page-19), Methodology (Page-25), Implementation (Page-33), Results and Discussion (Page-62), References (Page-68). |
| 650 ## - SUBJECT ADDED ENTRY--TOPICAL TERM | |
| Topical term or geographic name entry element | UG Project |
| 9 (RLIN) | 131132 |
| 651 ## - SUBJECT ADDED ENTRY--GEOGRAPHIC NAME | |
| Geographic name | BEE-/ TC-33 |
| 9 (RLIN) | 131738 |
| 700 ## - ADDED ENTRY--PERSONAL NAME | |
| Personal name | Supervised by Assoc Prof. Mir Yasir Umair |
| 9 (RLIN) | 131739 |
| 942 ## - ADDED ENTRY ELEMENTS (KOHA) | |
| Source of classification or shelving scheme | |
| Koha item type | Project Report |
| Withdrawn status | Lost status | Source of classification or shelving scheme | Damaged status | Not for loan | Permanent Location | Current Location | Shelving location | Date acquired | Total Checkouts | Full call number | Barcode | Date last seen | Price effective from | Koha item type | Public note |
|---|---|---|---|---|---|---|---|---|---|---|---|---|---|---|---|
| Military College of Signals (MCS) | Military College of Signals (MCS) | Reference | 11/07/2025 | 621.382,NAW | MCSPTE-347 | 11/07/2025 | 11/07/2025 | Project Report | Almirah No.70, Shelf No.5 |
